000 00448nam a2200181Ia 4500
001 23010
005 20260414150908.0
008 260414t2004||||xx |||||||||||||| ||spa||
041 _aESP
082 _a624.1762
_bM33
100 _aMazzolani, F. M.
_eAUT
245 0 _aTheory and design of seismic resistant steel frames
_b
260 _c2004
300 _a497 páginas :
_c24 cm.
650 _a0
654 _aCIC
942 _cLIB
_dJUS
_fJUS
_2ddc
_n
999 _c23010
_d23010